|
|
|
|
| LEADER |
02380nem a2200517 i 4500 |
| 001 |
001245661 |
| 003 |
CZ BrMZK |
| 005 |
20190604084458.0 |
| 007 |
aj|canzn |
| 008 |
111208s1949 xr g a 0| cze d |
| 034 |
1 |
|
|a a
|b 200000
|d E0133130
|e E0152630
|f N0503200
|g N0492710
|
| 040 |
|
|
|a BOA001
|b cze
|e rda
|
| 043 |
|
|
|a e-xr---
|b e-xr-pg
|2 czenas
|
| 072 |
|
7 |
|a 913(437)
|x Geografie Česka a Slovenska, reálie, cestování
|2 Konspekt
|9 7
|
| 072 |
|
7 |
|a 912
|x Mapy. Atlasy. Glóby
|2 Konspekt
|9 7
|
| 072 |
|
7 |
|a 35.07
|x Organizace a řízení veřejné správy
|9 15
|
| 072 |
|
7 |
|a 352/354
|x Stupně místní, oblastní a ústřední správy
|9 15
|
| 080 |
|
|
|a 353.2
|2 MRF
|
| 080 |
|
|
|a 35.071.5
|2 MRF
|
| 080 |
|
|
|a (437.311)
|2 MRF
|
| 080 |
|
|
|a (084.3)913
|2 MRF
|
| 110 |
2 |
|
|a Zeměměřický úřad (1945-1950)
|7 mzk2015883345
|4 ctg
|4 pbl
|4 prt
|
| 245 |
0 |
0 |
|a Kraj Pražský.
|n Č. 1 /
|c Vydal a vytiskl zeměměřický úřad v Praze
|
| 250 |
|
|
|a I. vydání
|
| 255 |
|
|
|a Měřítko 1:200 000 ;
|b Stejnoploché Sansonovo zobrazení
|c (E 13°31'30"--E 15°26'30"/N 50°32'00"--N 49°27'10")
|
| 264 |
|
1 |
|a V Praze :
|b Vydal zeměměřický úřad,
|c 1949
|
| 264 |
|
3 |
|a V Praze :
|b Vytiskl zeměměřický úřad,
|c 1949
|
| 300 |
|
|
|a 1 mapa :
|b barevná ;
|c 60 x 70 cm, na listu 70 x 75 cm, původně složeno na 21 x 16 cm
|
| 336 |
|
|
|a kartografický obraz
|b cri
|2 rdacontent
|
| 337 |
|
|
|a bez média
|b n
|2 rdamedia
|
| 338 |
|
|
|a list
|b nb
|2 rdacarrier
|
| 490 |
1 |
|
|a Mapy krajů 1:200 000 ;
|v Č. 1, 1949
|
| 500 |
|
|
|a Na rubu listu titul, informační text o kraji, statistiky a tabulky
|
| 500 |
|
|
|a Další údaje o vydání: 1949 ; Čís. výr. 65/49
|
| 562 |
|
|
|a Razítko: Důvěrné
|b 2619479337
|b 2619479336
|5 CZ-BrMZK
|
| 500 |
|
|
|a Dostupné též v digitální podobě v aplikaci Kramerius
|
| 650 |
|
7 |
|a kraje
|7 ph121922
|2 czenas
|
| 650 |
|
7 |
|a správní obvody
|7 ph172914
|2 czenas
|
| 651 |
|
7 |
|a Pražský kraj (Česko : 1949-1960)
|7 ge718388
|2 czenas
|
| 655 |
|
7 |
|a regionální mapy
|7 fd808073
|2 czenas
|
| 830 |
|
0 |
|a Mapy krajů 1:200 000 ;
|v Č. 1, 1949
|
| 856 |
4 |
1 |
|u http://www.digitalniknihovna.cz/mzk/uuid/uuid:afab7610-9723-11e9-9209-005056827e51
|y Digitalizovaný dokument
|x NDK
|
| 856 |
4 |
1 |
|u http://www.digitalniknihovna.cz/mzk/uuid/uuid:c7a416a0-9723-11e9-9209-005056827e51
|y Digitalizovaný dokument
|x NDK
|
| 910 |
|
|
|a BOA001
|b Mpa-0255.654,1-49
|
| 990 |
|
|
|a MP
|
| 991 |
|
|
|b 201209
|